000 01160cam a22003257a 4500
003 CHAP
005 20220817043226.0
008 971013s1986 r 00010 d
010 _a68991
011 _a69963
035 _a79441
040 _cCHAP
090 _aTesis
100 0 0 _aCarreón Rascón, Luis Guillermo.
_919385
245 0 _aSituación de la producción agrícola en el Distrito de Desarrollo Rural 027, Nuevo Casas Grandes, Chih.
260 _aChihuahua, Chih. :
_bEl autor,
_c1986
300 _a81 h.
502 _aTesis (Ing. Agrónomo Gral.) -- UACH. Departamento de Zonas Aridas
590 _aALEPH
_b10
_c20130110
_lUCH01
_h1407
590 _aBATCH-UPD
_b10
_c20130110
_lUCH01
_h0746
590 _aBATCH-UPD
_b10
_c20130410
_lUCH01
_h0427
590 _aBATCH-UPD
_b10
_c20130913
_lUCH01
_h2029
590 _aCONVERSION
_b10
_c20130109
_lUCH01
_h1338
650 1 4 _aAgricultura
_xChihuahua.
_91356
710 0 _aUACH. Departamento de Zonas Aridas.
790 _aProblemática de la producción agrícola y su desarrollo rural en el estado de Chihuahua
901 _aBK
942 _cTESIS
949 _bBC
_cTES
_d-32330
_eTS1
_h22293
_i79441
_si
999 _c68991
_d68991